Multiple-Choice-Stadtquiz Dortmund - Statistiken

Allgemein
  • Dieses Quiz wurde 1.949 mal gespielt
    1.919 seit der letzten Aktualisierung
  • Das Durchschnittsergebnis liegt bei 5 aus 10
Antwortstatistiken
Frage Antwort % Korrekt
Dortmund liegt in diesem Ballungsraum Ruhrgebiet
95%
Was bedeutet "Borussia" im Deutschen? (Es kommt aus dem lateinischen) Preußen
64%
Damit kann man durch den Westfalenpark neben dem Zug noch fahren Seilbahn
60%
Berümter Stadtteil, der für sein Nachtleben bekannt ist Kreuzviertel
53%
Welche große Kirche steht in der Innenstadt Dortmunds? Reinoldi
53%
Welches Wahrzeichen zeigt ganz oben oft Animationen und beinhaltet ein Museum? Dortmunder U
51%
Was ist das besondere am Dortmunder Hafen? Größter Kanalhafen Europas
51%
Welcher Fluss fließt durch Dortmund? Emscher
38%
Haupteinkaufsstraße in der Innenstadt, die in Ost und West geteilt ist Hellweg
38%
In welche dieser Nachbarstädte, kann man vom Dortmund Hauptbahnhof aus NICHT hinkommen, ohne einmal den Zug zu wechseln Waltrop
30%
Keine übereinstimmenden Quizze gefunden
Verteilung der Resultate
Anzahl Personen mit jedem Resultat
Perzentil nach korrekt beantworteten Fragen
Ihre Resultats-Entwicklung
Sie haben dieses Quiz seit der letzten Aktualisierung nicht gespielt